[Event "Imperia Corallo op-A 2nd"]
[Site "Imperia"]
[Date "2007.11.18"]
[Round "4"]
[White "Salerno, Luciano"]
[Black "Cardona, Paolo"]
[Result "0-1"]
[WhiteElo "1679"]
[BlackElo "1857"]
[PlyCount "78"]
[EventDate "2007.11.16"]
[EventType "swiss"]
[EventRounds "5"]
[EventCountry "ITA"]
[SourceTitle "EXT 2010"]
[Source "ChessBase"]
[SourceDate "2010.11.25"]
[SourceVersion "1"]
[SourceVersionDate "2010.11.25"]
[SourceQuality "1"]

1. d4 d5 2. c4 c6 3. Nc3 Nf6 4. Bg5 e6 5. cxd5 exd5 6. e3 Be7 7. Bd3 h6 8. Bh4 0-0 9. Qc2 a5 10. Nf3 Nbd7 11. 0-0 Nh5 12. Bxe7 Qxe7 13. Rab1 Re8 14. a3 Nhf6 15. b4 axb4 16. axb4 Ne4 17. b5 Ra3 18. Rb3 Rxb3 19. Qxb3 Ndf6 20. bxc6 bxc6 21. Ne5 Nd2 22. Qa4 Nxf1 23. Kxf1 Qc7 24. Nxc6 Bd7 25. Bb5 Bxc6 26. Bxc6 Rb8 27. Nxd5 Nxd5 28. Bxd5 Qxh2 29. Qa2 Qh1+ 30. Ke2 Qh5+ 31. Ke1 Rb1+ 32. Kd2 Qd1+ 33. Kc3 Rc1+ 34. Kb4 Qe1+ 35. Kb5 Rb1+ 36. Kc6 Qc3+ 37. Kd7 Ra1 38. Bxf7+ Kf8 39. Qe6 Ra7+ 0-1

[Event "Imperia op-A 48th"]
[Site "Imperia"]
[Date "2006.09.08"]
[Round "7.18"]
[White "Mercandelli, Claudio"]
[Black "Cardona, Paolo"]
[Result "1-0"]
[WhiteElo "2028"]
[BlackElo "1937"]
[PlyCount "81"]
[EventDate "2006.09.03"]
[EventType "swiss"]
[EventRounds "9"]
[EventCountry "ITA"]
[SourceTitle "EXT 2024"]
[Source "ChessBase"]
[SourceDate "2023.10.10"]
[SourceVersion "1"]
[SourceVersionDate "2023.10.10"]
[SourceQuality "1"]

1. Nf3 d5 2. d4 g6 3. c4 Nf6 4. cxd5 Nxd5 5. e4 Nb6 6. Nc3 Bg7 7. h3 0-0 8. Be3 Nc6 9. Rc1 e6 10. Be2 h6 11. 0-0 Ne7 12. Qb3 c6 13. Rfd1 Kh7 14. a4 f5 15. d5 exd5 16. exd5 Nbxd5 17. Nxd5 Nxd5 18. Bd4 Bxd4 19. Nxd4 Qf6 20. Bc4 Nf4 21. Nf3 Rb8 22. Qe3 g5 23. Re1 Ng6 24. Rcd1 f4 25. Qxa7 Bf5 26. Nd4 h5 27. Nxf5 Qxf5 28. Bd3 Qf7 29. f3 Rbd8 30. Qc5 Kh6 31. Bc4 Qf6 32. Rxd8 Rxd8 33. Re6 Qxb2 34. Qf5 Qg7 35. Bb3 Rd2 36. Rf6 Re2 37. Bf7 Re1+ 38. Kh2 Kh7 39. Rxg6 Qf8 40. Rg8+ Kh6 41. Qg6# 1-0

[Event "Lombardia-ch"]
[Site "Monza"]
[Date "2005.05.15"]
[Round "3"]
[White "Lanni, Vincenzo"]
[Black "Cardona, Paolo"]
[Result "1/2-1/2"]
[WhiteElo "1625"]
[BlackElo "1898"]
[PlyCount "84"]
[EventDate "2005.05.14"]
[EventType "swiss"]
[EventRounds "6"]
[EventCountry "ITA"]
[SourceTitle "EXT 2007"]
[Source "ChessBase"]
[SourceDate "2006.11.23"]
[SourceVersion "1"]
[SourceVersionDate "2006.11.23"]
[SourceQuality "1"]

1. d4 d5 2. g3 Nf6 3. Bg2 e6 4. Nf3 Be7 5. 0-0 0-0 6. c3 Nbd7 7. Nbd2 c5 8. Qc2 Qc7 9. e4 dxe4 10. Nxe4 Nd5 11. dxc5 Nxc5 12. Nxc5 Qxc5 13. c4 Nb4 14. Qe2 Bf6 15. a3 Nc6 16. b4 Qh5 17. Bb2 Bxb2 18. Qxb2 f6 19. b5 Nd8 20. Rad1 e5 21. Qb4 Bh3 22. Bxh3 Qxh3 23. c5 Qh5 24. Qb3+ Kh8 25. Rd5 h6 26. Rfd1 Ne6 27. Kg2 Qg4 28. Kh1 Rac8 29. Nh4 Nd4 30. Qd3 Rfe8 31. f3 Qh5 32. Rd7 Rxc5 33. Ng6+ Kg8 34. Ne7+ Kf8 35. Ng6+ Kg8 36. Ne7+ Kf7 37. Nc6+ Kf8 38. Nxd4 exd4 39. Rxd4 Rxb5 40. Rd7 Qf5 41. Qxf5 Rxf5 42. Rxb7 Re7 1/2-1/2

[Event "Genova Spring 7th"]
[Site "Genova"]
[Date "2004.03.13"]
[Round "3"]
[White "Falcone, Giancarlo"]
[Black "Cardona, Paolo"]
[Result "0-1"]
[WhiteElo "1594"]
[BlackElo "1753"]
[PlyCount "78"]
[EventDate "2004.03.12"]
[EventType "swiss"]
[EventRounds "5"]
[EventCountry "ITA"]
[SourceTitle "EXT 2024"]
[Source "ChessBase"]
[SourceDate "2023.10.10"]
[SourceVersion "1"]
[SourceVersionDate "2023.10.10"]
[SourceQuality "1"]

1. d4 d5 2. Nf3 Nf6 3. c4 g6 4. Nc3 Bg7 5. Bf4 0-0 6. e3 c6 7. h3 dxc4 8. Bxc4 Nbd7 9. 0-0 Qa5 10. Qb3 e6 11. e4 h6 12. Bd6 Re8 13. e5 Nd5 14. Nxd5 exd5 15. Bd3 Nf8 16. Rfe1 Qd8 17. Qc2 Ne6 18. b4 Bd7 19. Rab1 Rc8 20. Qd2 Kh7 21. a4 h5 22. b5 Bh6 23. Qb4 Ng5 24. Nxg5+ Qxg5 25. Re3 cxb5 26. Bxb5 Bf5 27. Ree1 Rg8 28. Be7 a5 29. Bxg5 axb4 30. Bxh6 Kxh6 31. Rb3 Rc7 32. Rxb4 Rgc8 33. Re2 Rc1+ 34. Kh2 h4 35. Reb2 Ra1 36. g3 Be4 37. gxh4 Rc3 38. f3 Rxf3 39. R2b3 Rf5 0-1